Aplikovaná psychologie architektury - Kniha II. /
Aplikovaná psychologie architektury Kniha II. Psychologie architektů a uživatelů Druhá kniha zakladatele aplikované psychologie architektury Karla Smejkala se zaměřuje na klíčový vztah mezi architektem a uživatelem prostoru. Ukazuje, že kvalitní architektura nevzniká pouze na základě technických zna...
Uloženo v:
| Série: | Aplikovaná psychologie architektury,
část 2 |
|---|---|
| Hlavní autor: | |
| Médium: | E-kniha |
| Jazyk: | Czech |
| Vydáno: |
Praha :
Concept 42,
2026
|
| Příbuzné jednotky: | Z cyklu::
Aplikovaná psychologie architektury |
| Tagy: |
Žádné tagy |
| LEADER | 03238nam a22002417i 4500 | ||
|---|---|---|---|
| 001 | 301507 | ||
| 007 | ta | ||
| 008 | 260430s2026 xr ||||| |||| 00| 0 cze d | ||
| 020 | |a 9788088059318 | ||
| 044 | |a xr | ||
| 100 | 1 | |a Smejkal, Karel |4 aut | |
| 245 | 1 | 0 | |a Aplikovaná psychologie architektury - Kniha II. / |c Smejkal, Karel |
| 264 | 1 | |a Praha : |b Concept 42, |c 2026 | |
| 300 | |a 1 online zdroj (103 stran) | ||
| 336 | |a text |b txt |2 rdacontent | ||
| 337 | |a bez média |b n |2 rdamedia | ||
| 338 | |a online zdroj |b cr |2 rdacarrier | ||
| 520 | 2 | |a Aplikovaná psychologie architektury Kniha II. Psychologie architektů a uživatelů Druhá kniha zakladatele aplikované psychologie architektury Karla Smejkala se zaměřuje na klíčový vztah mezi architektem a uživatelem prostoru. Ukazuje, že kvalitní architektura nevzniká pouze na základě technických znalostí, ale především díky schopnosti porozumět lidským potřebám a nalézt mezi nimi a tvůrčím záměrem harmonii. Autor zde systematicky rozvíjí koncept aplikované psychologie architektury, představuje strukturu její výuky a opírá se o rozsáhlé výzkumy realizované v průběhu let 2015–2024. Kniha nabízí nejen teoretický rámec, ale i praktické nástroje, které pomáhají architektům lépe chápat sebe samy i své klienty. Je určena všem, kdo chtějí posunout architekturu od formy k hlubšímu porozumění člověku. Co v knize najdete: · jasně formulovaný koncept aplikované psychologie architektury · vysvětlení, proč je psychologická složka klíčová pro tvorbu kvalitního prostředí · návrh struktury výuky psychologie pro architekty · praktické nástroje, včetně testu temperamentu · rozsáhlý soubor originálních výzkumů (2015–2024), mimo jiné: temperament architektů, hodnotová orientace, rozdíly mezi evropským a africkým kontextem, vztah architektů k umění, • inovativní metodické přístupy, například hra „Najdi si svého architekta“ | |
| 787 | 0 | 8 | |g 2 |i Z cyklu: |t Aplikovaná psychologie architektury |
| 910 | |a RBIT002 | ||
| 998 | |d 426533 |a https://core.palmknihy.cz/api/books/426533/cover?te7gnm |b https://core.palmknihy.cz/api/books/426533/cover/400?te7gnm |c https://core.palmknihy.cz/api/books/426533/cover/50?te7gnm |e 2030-12-31 |g 103 |i 9788088059318 |j https://core.palmknihy.cz/api/books/426533/preview.epub |l |q 49 |r 1 |s https://www.palmknihy.cz/kniha/426533 |t ebook |y 2026 |z 1 |v Aplikovaná psychologie architektury |w 2 | ||
| 999 | |d 301505 | ||